| 000 | 00625nam a2200193 a 4500 | ||
|---|---|---|---|
| 001 | 0159 | ||
| 005 | 20140414132040.0 | ||
| 008 | 040804s19uu xx 00 eng d | ||
| 020 | _a2-89429-020-9 | ||
| 050 |
_aBB _bG75 bk.5 |
||
| 100 | _aHoleinone, Peter | ||
| 245 |
_aThe Great fairy tales treasure chest, v. IV, bk.5 / _ctext by Peter Holeinone ; illustrations by Tony Wolf & et al. |
||
| 260 |
_aMontreal, Canada : _bTormont, _c[n.d.] |
||
| 300 | _a16 p. : ill. ; cm. | ||
| 500 | _aContents: Sasha, Mansor and the storks--The Parrot Shah. | ||
| 650 | _aFairy tales. | ||
| 650 | _aChildren stories. | ||
| 999 |
_c113824 _d113824 |
||